000 00417 a2200121 4500
001 ART_42491
005 20260410161756.0
008 260409a
245 1 0 _aIngresos brutos. Provincia de Buenos Aires. La alícuota aplicable al caso especial de la construcción
100 1 _aRadiminski, Carlos L.
700 1 _aKaplan, Hugo E.
773 0 _tDoctrina tributaria
_g- Nº 361 (abr. 2010)
_wREV4296
999 _c20086
_d20086